000 01753cam a22004694i 4500
003 PE-LiUPU
005 20250731173021.0
008 150623s r 000 0 d
020 _a0271016159
035 _a(Sirsi) i9780271016153
040 _aPE-LiUPU
_bspa
_cPE-LiUPU
_erda
049 _aPRUA
082 0 4 _a221.95
_bH17
_221
100 1 _aHalpern, Baruch,
_eautor.
245 1 4 _aThe first historians :
_bthe Hebrew Bible and history /
_cBaruch Halpern.
264 1 _aUniversity Park, Pennsylvania :
_bThe Pennsylvania State University Press,
_c1996.
300 _a285 páginas :
_bilustraciones, gráficos, diagrámas ;
_c24 centímetros
336 _atext
_2rdacontent
337 _aunmediated
_2rdamedia
338 _avolume
_2rdacarrier
504 _aIncluye bibliografía.
505 0 _aRomance and historiography: two cases of historiography in microcosm. -Redaction and historiography: "the lying pen of the scribes". -The brass ring: the redactional carousel of the book of Judges. -Conclusions.
526 _aSEG42
526 _aSEG41
526 _aSEG40
526 _aSEG39
526 _aP94
526 _aP87
526 _aP86
526 _aP85
526 _aP77
526 _aP76
526 _aP35
630 _aBiblia.
_pA.T.
_xHistoriografía
650 0 4 _aHistoria
_xEnseñanza bíblica.
942 _2ddc
_cBOOK
949 _a221.95 H17
_wDEWEY
_c1
_i47450
_lCCODEBUL1
_mBUL
_r0
_sY
_tBOOK
_u2015-6-24
_xTEOLOGIA
_PP35
_0COMPRA
_o.STAFF. Colección General
994 _aC0
_bPEPRU
596 _a1
999 _a221.95 H17
_wDEWEY
_c24009
_i47450
_f2021-11-9
_g5
_lCCODEBUL1
_mBUL
_r0
_sY
_tBOOK
_u2015-6-24
_xTEOLOGIA
_PP35
_0COMPRA
_o.STAFF. Colección General
_d24009
980 _81
_gALBERTO SANCHEZ Responsable de Automatización